000
00217nam a22000857a 4500
008
170209b xxu||||| |||| 00| 0 eng d
100
_9
2832
_a
Bharat Scouts
245
_a
Flck Leaders Hand book
260
_a
New Delhi
_b
BS
_c
2007
999
_c
6049
_d
6049